000 00774nam a2200229Ia 4500
003 GCL
005 20240530102350.0
008 140319s9999 xx 000 0 ara d
020 _a0289148977
040 _aGCL /
_cGCL
082 0 4 _a921.4
_bن ج
100 1 _aنجيب المستكاوى
245 1 0 _aجان جاك روسو :
_bحياته ، مؤلفاته ، غرامياته /
_cنجيب المستكاوى
260 _aالقاهرة :
_bدار الشروق ،
_c1989
300 _a439 ص ؛
_c20 سم
650 0 4 _aالتراجم
650 0 4 _aجان جاك روسو
650 0 4 _aالفلاسفة - تراجم
650 0 4 _aفرنسا - تاريخ - الثورةالفرنسية
650 0 4 _aعلماء الاجتماع - تراجم
942 _2ddc
_cBK
999 _c31730
_d31730